Pedagogía general /
Guardado en:
| Autor Principal: | |
|---|---|
| Formato: | Libro |
| Publicado: |
Buenos Aires :
Kapelusz,
1984
|
| Materias: | |
| Etiquetas: |
Agregar Etiqueta
Sin Etiquetas, Sea el primero en etiquetar este registro!
|
| LEADER | 01557nam a22002295a 4500 | ||
|---|---|---|---|
| 001 | CEM.cems004627 | ||
| 005 | 20060217000000.0 | ||
| 008 | 130507s1984##################000#0#####d | ||
| 003 | CEMS | ||
| 082 | 0 | 4 | |a 371 |
| 100 | 1 | |a Nassif, Ricardo | |
| 245 | 1 | 0 | |a Pedagogía general / |
| 260 | |a Buenos Aires : |b Kapelusz, |c 1984 | ||
| 300 | |a 305 p. | ||
| 505 | 0 | |a La educaci¢n.- Los m£ltiples conceptos de la educaci¢n.- Educaci¢n, naturaleza, sociedad y cultura.- La pedagog¡a.- Naturaleza y concepto de la pedagog¡a.- La pedagog¡a y las otras ciencias.- Sistema y divisiones de la pedagog¡a.- La pedagog¡a contempor nea.- Los grandes temas de la pedagog¡a general.- Problem tica pedag¢gica.- Los problemas previos de la pedagog¡a.- Los fines de la educaci¢n.- Los medios de la educaci¢n.- Antropolog¡a pedag¢gica.- El educando.- El sujeto de la educaci¢n.- El estudio del educando.- El educador.- Los poderes educadores.- El educador personal.- El educador maestro.- La relaci¢n pedag¢gica.- Comunidades educativas.- Concepto y tipos de comunidades educativas.- La sociedad educadora.- El estado educador.- La familia educadora.- La escuela.- | |
| 653 | |a Educacion | ||
| 653 | |a Pedagogia | ||
| 859 | |a CEMS |b BIB. CEMS - 11 de abril |h 371 |i N187-1 |p 16273.91 |t Ej.1 | ||
| 859 | |a CEMS |b BIB. CEMS - 11 de abril |h 371 |i N187-1 |p 16515.92 |t Ej.2 | ||
| 859 | |a CEMS |b BIB. CEMS - 11 de abril |h 371 |i N187-1 |p 16516.92 |t Ej.3 | ||
| 859 | |a CEMS |b BIB. CEMS - 11 de abril |h 371 |i N187-1 |p 18451.95 |t Ej.4 | ||
| 859 | |a CEMS |b BIB. CEMS - 11 de abril |h 371 |i N187-1 |p 18452.95 |t Ej.5 | ||
